000 00882nam a2200277 4500
003 EG-GICUC
005 20260420112330.0
008 260420t ua|||||fr|||| 00| 0 ara d
040 _a EG-GICUC
_bara
_c EG-GICUC
_d EG-GICUC
_erda
043 _af-ua---
082 0 4 _221
_a343.662
092 0 4 _221
099 _aLaw1 10 343.662 م ح . م 1964
100 0 _aمحمود نجيب حسني
245 1 2 _aالمجرمون الشواذ /
_cمحمود نجيب حسني
264 _aالقاهرة:
_bدار النهضة العربية,
_c1964.
300 _a205 صفحة
_c24 سم
336 _2rda content
_atext
337 _2rda media
_aComputer
338 _2rda carrier
_aOnline Resource
650 1 4 _aالمجرمون الشواذ
_2qrmak
651 1 _2qrmak
856 4 0 _uhttps://fll.law.cu.edu.eg/fulltext/bks/B10-07515.pdf
905 _a17
942 _2ddc
_n0
_cBK
_e21
999 _c72084
_d72084